Dear doctor: (Record no. 3379)

000 -LEADER
fixed length control field 00604nam a2200181 a 4500
001 - CONTROL NUMBER
control field :::00001109$&:&@@
003 - CONTROL NUMBER IDENTIFIER
control field OkBaRHE
005 - DATE AND TIME OF LATEST TRANSACTION
control field 20000607103241.0
008 - FIXED-LENGTH DATA ELEMENTS--GENERAL INFORMATION
fixed length control field s1961 j 000 0 eng u
040 ## - CATALOGING SOURCE
Transcribing agency
100 1# - MAIN ENTRY--PERSONAL NAME
Personal name DeHaan, M. R. (Martin Ralph), 1891-1964.
245 10 - TITLE STATEMENT
Title Dear doctor:
Remainder of title I have a problem.
Statement of responsibility, etc Answers to Bible questions, volume two.
260 ## - PUBLICATION, DISTRIBUTION, ETC. (IMPRINT)
Place of publication, distribution, etc Grand Rapids, MI., :
Name of publisher, distributor, etc Radio Bible Class
Date of publication, distribution, etc c1961
300 ## - PHYSICAL DESCRIPTION
Extent 278 p. ;
Dimensions 19 cm.
650 ## - SUBJECT ADDED ENTRY--TOPICAL TERM
Topical term or geographic name as entry element Bible
General subdivision Theology
942 ## - ADDED ENTRY ELEMENTS (KOHA)
Source of classification or shelving scheme
Koha item type Books
Copies
Koha item type Damaged status Source of classification or shelving scheme Permanent Location Barcode Shelving location Price effective from Date acquired Full call number Copy number Lost status Withdrawn status Not for loan Date last seen
Books  RHEMA Bible Training College1109General Stacks2010-04-142010-04-14BS 543 .D381   2018-02-16